Loading...
A Siren's Lure
| Main Author: | |
|---|---|
| Format: | Printed Book |
| Published: |
London;
Worldwide;
1985
|
| Edition: | 1st |
| Subjects: |
| LEADER | 00500nam a22001577a 4500 | ||
|---|---|---|---|
| 020 | |a 0-373-50603-1 | ||
| 082 | |a 823 |b DAV/S M5 | ||
| 100 | |a Davidson, Andrea |9 299428 | ||
| 245 | |a A Siren's Lure | ||
| 250 | |a 1st | ||
| 260 | |a London; |b Worldwide; |c 1985 | ||
| 300 | |a 251p. | ||
| 650 | |a Fiction; English Literature |9 298830 | ||
| 942 | |c BK | ||
| 999 | |c 70871 |d 70871 | ||
| 952 | |0 0 |1 0 |4 0 |6 823_000000000000000_DAV_S_M5 |7 0 |8 ENGF |9 83838 |a MAL |b MAL |d 2016-12-23 |e 41014 |l 0 |o 823 DAV/S M5 |p MAL041014 |r 2016-12-23 |t 1 |w 2016-12-23 |y BK | ||